000
00299nam a22001337a 4500
020
_q
HB.
040
_c
FIZZA ISHAQ
082
_a
005.74
_b
TAH
100
_a
JO,TAHEO.
_9
91579
245
_a
TEXT MINING CONCEPTS /
_c
TAHEO JO.
260
_a
SPINGER ;
_c
005.74
300
_a
373 P. ;
942
_2
ddc
_c
BK
999
_c
589708
_d
589708